Logo CIB grande

EL LIDER DEL CAMBIO: UN PLAN DE ACCION DEL ESPECIALISTA EN LIDERAZGO DE NEGOCIOS MAS AFAMADO DEL MUNDO (Registro nro. 218250)

Detalles MARC
000 -LEADER
campo de control de longitud fija 00825nam a2200277Ia 4500
005 - FECHA Y HORA DE LA ÚLTIMA TRANSACCIÓN
campo de control 20250425161906.0
008 - DATOS DE LONGITUD FIJA--INFORMACIÓN GENERAL
campo de control de longitud fija 250425s9999 xx 000 0 und d
020 ## - NÚMERO INTERNACIONAL ESTÁNDAR DEL LIBRO
Número Internacional Estándar del Libro 9701014707
041 ## - CÓDIGO DE IDIOMA
Código de lengua del texto/banda sonora o título independiente spa
043 ## - CÓDIGO DE ÁREA GEOGRÁFICA
Código de área geográfica mx
082 ## - NÚMERO DE LA CLASIFICACIÓN DECIMAL DEWEY
Número de clasificación 658.4092
010 ## - NÚMERO DE CONTROL DE LA BIBLIOTECA DEL CONGRESO
Número de control de LC 34002
100 ## - ENTRADA PRINCIPAL--NOMBRE DE PERSONA
Nombre de persona KOTTER, JOHN P.
245 #0 - MENCIÓN DEL TÍTULO
Título EL LIDER DEL CAMBIO: UN PLAN DE ACCION DEL ESPECIALISTA EN LIDERAZGO DE NEGOCIOS MAS AFAMADO DEL MUNDO
250 ## - MENCION DE EDICION
Mención de edición 1A ED.
260 ## - PUBLICACIÓN, DISTRIBUCIÓN, ETC.
Lugar de publicación, distribución, etc. México
Nombre del editor, distribuidor, etc. MCGRAW-HILL INTERAMERICANA EDITORES S.A. DE C.V.
Fecha de publicación, distribución, etc. 1996
260 ## - PUBLICACIÓN, DISTRIBUCIÓN, ETC.
Lugar de publicación, distribución, etc. S.L.
300 ## - DESCRIPCIÓN FÍSICA
Extensión 207
500 ## - NOTA GENERAL
Nota general Título Traducido: LEADING CHANGE
650 ## - PUNTO DE ACCESO ADICIONAL DE MATERIA--TÉRMINO DE MATERIA
Término de materia o nombre geográfico como elemento de entrada DIRECCIONAMIENTO ESTRATEGICO
650 ## - PUNTO DE ACCESO ADICIONAL DE MATERIA--TÉRMINO DE MATERIA
Término de materia o nombre geográfico como elemento de entrada LIDERAZGO
650 ## - PUNTO DE ACCESO ADICIONAL DE MATERIA--TÉRMINO DE MATERIA
Término de materia o nombre geográfico como elemento de entrada NEGOCIOS
700 ## - ENTRADA AGREGADA--NOMBRE PERSONAL
Nombre de persona PAULINA DIAZ CORTES
Término indicativo de función/relación traductor
710 ## - ENTRADA AGREGADA--NOMBRE DE ENTIDAD CORPORATIVA
Nombre de entidad corporativa o nombre de jurisdicción como elemento de entrada MCGRAW-HILL INTERAMERICANA EDITORES, S.A. DE C.V.
942 ## - ELEMENTOS DE ENTRADA SECUNDARIOS (KOHA)
Tipo de ítem Koha Libros
Existencias
Estatus retirado Estado de pérdida Estado de daño No para préstamo Biblioteca de origen Biblioteca actual Ubicación en estantería Fecha de adquisición Coste, precio normal de compra Total de préstamos Código de barras Copia número Nota pública
        ESCUELA DE NEGOCIOS ESCUELA DE NEGOCIOS   02/03/2001 5.00   CP-01030 1 COMPRA

Copyright 2025 ESPOL. Todos los derechos reservados.